000
00325nam a22001337a 4500
008
241107b |||||||| |||| 00| 0 eng d
020
_a
9781913393731
082
_a
813.54
100
_a
Burnet, Macrae Graaeme
245
_a
Case study
260
_a
India :
_b
Saraband,
_c
2021.
300
_a
p. 278 ;
_c
19.8 Cm.
942
_2
ddc
999
_c
10077
_d
10078